Loading...

Handbook of wild edible plants

Bibliographic Details
Main Author: Sood, S.K et.al
Format: Printed Book
Language:Undetermined
English
Published: Jaipur Pointer publishers 2012
Edition:First
Subjects:
LEADER 00767nam a2200205Ia 4500
008 140306s9999 xx 000 0 und d
020 |a 9788171326792 
041 |a eng 
082 |a 581.6  |b SOO/HA 
100 |a Sood, S.K et.al 
245 |a Handbook of wild edible plants 
250 |a First 
260 |a Jaipur  |b Pointer publishers  |c 2012 
300 |a 340 
365 |b Rs.2600/- 
650 |a Wild edible plants 
942 |2 ddc  |c BK 
999 |c 123605  |d 123605 
952 |0 0  |1 0  |2 ddc  |4 0  |6 581_600000000000000_SOOHA  |7 0  |9 123384  |a KAUHCV  |b KAUHCV  |d 2013-08-06  |g 2600.00  |o 581.6 SOO/HA  |p KAU_HCV-30250  |r 2014-03-22  |w 2014-03-22  |y BK 
952 |0 0  |1 0  |2 ddc  |4 0  |6 581_600000000000000_SOOHA  |7 0  |9 123385  |a KAUHCV  |b KAUHCV  |d 2013-08-06  |g 2600.00  |o 581.6 SOO/HA  |p KAU_HCV-30251  |r 2014-03-22  |w 2014-03-22  |y BK